Biología pedagógica
Uloženo v:
| Hlavní autoři: | , |
|---|---|
| Médium: | Kniha |
| Jazyk: | španělština |
| Vydáno: |
Buenos Aires
Losada
1944
|
| Edice: | Biblioteca Pedagógica, 9
|
| Témata: | |
| Tagy: |
Přidat tag
Žádné tagy, Buďte první, kdo vytvoří štítek k tomuto záznamu!
|
MARC
| LEADER | 00000nam a2200000 a 4500 | ||
|---|---|---|---|
| 001 | UCU0996 | ||
| 003 | CL-VaPUC | ||
| 008 | 960329e19440000AG |||||||||||||||||spa|d | ||
| 082 | 0 | 4 | |a 372.3 |b EIK |2 21 |
| 100 | 0 | |a Eikenberry, William Lewis |e author |9 356552 | |
| 700 | 0 | |a Waldron, R. A |e author |9 356553 | |
| 245 | 1 | 0 | |a Biología pedagógica |
| 300 | |a 213 p | ||
| 942 | |c BK | ||
| 945 | |d 19960329 00:00:00 |a lriquelm | ||
| 260 | |a Buenos Aires |b Losada |c 1944 | ||
| 650 | 0 | |a Biología |9 262022 | |
| 650 | 0 | |a Enseñanza de la biología |9 338701 | |
| 583 | |a last modification |c 19960329 00:00:00 |k Rodrigo Vera | ||
| 490 | 0 | |a Biblioteca Pedagógica, 9 | |
| 999 | |c 245769 |d 245767 | ||
| 952 | |0 0 |1 0 |4 0 |6 372_300000000000000_EIK_1944 |7 0 |8 P |9 260363 |a BIBEDU |b BIBEDU |c BIBEDU_PB |d 2019-11-19 |i 1639641 |o 372.3 EIK 1944 |p 1639641 |r 2024-01-25 |w 2019-11-19 |y BK |k EDU | ||